Analisis del flujo peatonal en el area central de San Jose.

Uloženo v:
Podrobná bibliografie
Hlavní autor: Serrano Solano, Vinicio
Médium: Diplomová práce Kniha
Jazyk:Undetermined
Vydáno: 1986
Témata:
> > > > FLUJO PEATONAL
Tagy: Přidat tag
Žádné tagy, Buďte první, kdo vytvoří štítek k tomuto záznamu!

MARC

LEADER 00000nam a2200000Ia 4500
001 4060
008 140114s9999 xx 000 0 und d
100 |a Serrano Solano, Vinicio 
245 |a Analisis del flujo peatonal en el area central de San Jose. 
260 |c 1986 
500 |a NULL 
502 |a Escuela de ingenieria Civil 
650 |z FLUJO PEATONAL 
999 |c 11734  |d 11734